<?xml version="1.0" encoding="UTF-8"?>
<record
    xmlns:xsi="http://www.w3.org/2001/XMLSchema-instance"
    xsi:schemaLocation="http://www.loc.gov/MARC21/slim http://www.loc.gov/standards/marcxml/schema/MARC21slim.xsd"
    xmlns="http://www.loc.gov/MARC21/slim">

  <leader>03555nam a2200337   4500</leader>
  <controlfield tag="003">NALT</controlfield>
  <controlfield tag="005">20251204140632.0</controlfield>
  <controlfield tag="008">250819b        th ||||| |||| 00| 0 tha d</controlfield>
  <datafield tag="020" ind1=" " ind2=" ">
    <subfield code="a">9786160851775</subfield>
  </datafield>
  <datafield tag="040" ind1=" " ind2=" ">
    <subfield code="a">NALT</subfield>
  </datafield>
  <datafield tag="041" ind1="1" ind2=" ">
    <subfield code="a">tha</subfield>
    <subfield code="h">eng</subfield>
  </datafield>
  <datafield tag="050" ind1=" " ind2=" ">
    <subfield code="a">HG 255</subfield>
    <subfield code="b">&#xE2D;564&#xE23; 2567</subfield>
  </datafield>
  <datafield tag="100" ind1="1" ind2=" ">
    <subfield code="a">&#xE2D;&#xE31;&#xE21;&#xE21;&#xE39;&#xE2A;, &#xE40;&#xE0B;&#xE40;&#xE1F;&#xE14;&#xE35;&#xE19;.</subfield>
    <subfield code="9">64817</subfield>
  </datafield>
  <datafield tag="245" ind1="1" ind2="0">
    <subfield code="a">&#xE23;&#xE30;&#xE1A;&#xE1A;&#xE01;&#xE32;&#xE23;&#xE40;&#xE07;&#xE34;&#xE19;&#xE1A;&#xE31;&#xE07;&#xE04;&#xE31;&#xE1A;&#xE1C;&#xE39;&#xE01;&#xE02;&#xE32;&#xE14;&#xE2A;&#xE39;&#xE48;&#xE2D;&#xE32;&#xE23;&#xE22;&#xE18;&#xE23;&#xE23;&#xE21;&#xE41;&#xE2B;&#xE48;&#xE07;&#xE01;&#xE32;&#xE23;&#xE40;&#xE1B;&#xE47;&#xE19;&#xE17;&#xE32;&#xE2A;&#xE43;&#xE19;&#xE40;&#xE23;&#xE37;&#xE2D;&#xE19;&#xE40;&#xE1A;&#xE35;&#xE49;&#xE22; = </subfield>
    <subfield code="b">The fiat standard / </subfield>
    <subfield code="c">Saifedean Ammous, &#xE40;&#xE02;&#xE35;&#xE22;&#xE19; ; &#xE40;&#xE23;&#xE35;&#xE22;&#xE1A;&#xE40;&#xE23;&#xE35;&#xE22;&#xE07;&#xE42;&#xE14;&#xE22; &#xE1E;&#xE34;&#xE23;&#xE34;&#xE22;&#xE30; &#xE2A;&#xE31;&#xE21;&#xE1E;&#xE31;&#xE19;&#xE18;&#xE32;&#xE23;&#xE31;&#xE01;&#xE29;&#xE4C; [&#xE41;&#xE25;&#xE30;&#xE04;&#xE19;&#xE2D;&#xE37;&#xE48;&#xE19; &#xE46;].</subfield>
  </datafield>
  <datafield tag="250" ind1=" " ind2=" ">
    <subfield code="a">&#xE1E;&#xE34;&#xE21;&#xE1E;&#xE4C;&#xE04;&#xE23;&#xE31;&#xE49;&#xE07;&#xE41;&#xE23;&#xE01;.</subfield>
  </datafield>
  <datafield tag="260" ind1=" " ind2=" ">
    <subfield code="a">&#xE01;&#xE23;&#xE38;&#xE07;&#xE40;&#xE17;&#xE1E;&#xE2F; :</subfield>
    <subfield code="b">&#xE0B;&#xE35;&#xE40;&#xE2D;&#xE47;&#xE14;&#xE22;&#xE39;&#xE40;&#xE04;&#xE0A;&#xE31;&#xE48;&#xE19;, </subfield>
    <subfield code="c">2567.</subfield>
  </datafield>
  <datafield tag="300" ind1=" " ind2=" ">
    <subfield code="a">568 &#xE2B;&#xE19;&#xE49;&#xE32; : </subfield>
    <subfield code="b">&#xE20;&#xE32;&#xE1E;&#xE1B;&#xE23;&#xE30;&#xE01;&#xE2D;&#xE1A;, &#xE41;&#xE1C;&#xE19;&#xE20;&#xE39;&#xE21;&#xE34; ; </subfield>
    <subfield code="c">21 &#xE0B;&#xE21;</subfield>
  </datafield>
  <datafield tag="505" ind1="2" ind2=" ">
    <subfield code="a">&#xE20;&#xE32;&#xE04; 1 : &#xE40;&#xE07;&#xE34;&#xE19;&#xE40;&#xE1F;&#xE35;&#xE22;&#xE15; -- &#xE1A;&#xE17;&#xE17;&#xE35;&#xE48; 1 &#xE1A;&#xE17;&#xE19;&#xE33; -- &#xE1A;&#xE17;&#xE17;&#xE35;&#xE48; 2 &#xE27;&#xE31;&#xE19;&#xE2B;&#xE22;&#xE38;&#xE14;&#xE18;&#xE19;&#xE32;&#xE04;&#xE32;&#xE23;&#xE17;&#xE35;&#xE48;&#xE44;&#xE21;&#xE48;&#xE21;&#xE35;&#xE27;&#xE31;&#xE19;&#xE08;&#xE1A;&#xE2A;&#xE34;&#xE49;&#xE19; -- &#xE1A;&#xE17;&#xE17;&#xE35;&#xE48; 3 &#xE40;&#xE17;&#xE04;&#xE42;&#xE19;&#xE42;&#xE25;&#xE22;&#xE35;&#xE40;&#xE1F;&#xE35;&#xE22;&#xE15; -- &#xE1A;&#xE17;&#xE17;&#xE35;&#xE48; 4 &#xE40;&#xE2B;&#xE21;&#xE37;&#xE2D;&#xE07;&#xE02;&#xE38;&#xE14;&#xE40;&#xE07;&#xE34;&#xE19;&#xE40;&#xE1F;&#xE35;&#xE22;&#xE15; -- &#xE1A;&#xE17;&#xE17;&#xE35;&#xE48; 5 &#xE1A;&#xE31;&#xE0D;&#xE0A;&#xE35;&#xE40;&#xE1F;&#xE35;&#xE22;&#xE15; : &#xE23;&#xE30;&#xE1A;&#xE1A;&#xE17;&#xE32;&#xE2A;&#xE43;&#xE19;&#xE40;&#xE23;&#xE37;&#xE2D;&#xE19;&#xE40;&#xE1A;&#xE35;&#xE49;&#xE22;&#xE2D;&#xE31;&#xE19;&#xE40;&#xE17;&#xE48;&#xE32;&#xE40;&#xE17;&#xE35;&#xE22;&#xE21; -- &#xE1A;&#xE17;&#xE17;&#xE35;&#xE48; 6 &#xE40;&#xE07;&#xE34;&#xE19;&#xE40;&#xE1F;&#xE35;&#xE22;&#xE15;&#xE21;&#xE35;&#xE1B;&#xE23;&#xE30;&#xE42;&#xE22;&#xE0A;&#xE19;&#xE4C;&#xE2D;&#xE22;&#xE48;&#xE32;&#xE07;&#xE44;&#xE23; -- &#xE20;&#xE32;&#xE04; 2 : &#xE0A;&#xE35;&#xE27;&#xE34;&#xE15;&#xE40;&#xE1F;&#xE35;&#xE22;&#xE15; -- &#xE1A;&#xE17;&#xE17;&#xE35;&#xE48; 7 &#xE27;&#xE34;&#xE16;&#xE35;&#xE0A;&#xE35;&#xE27;&#xE34;&#xE15;&#xE40;&#xE1F;&#xE35;&#xE22;&#xE15; -- &#xE1A;&#xE17;&#xE17;&#xE35;&#xE48; 8 &#xE2D;&#xE32;&#xE2B;&#xE32;&#xE23;&#xE40;&#xE1F;&#xE35;&#xE22;&#xE15; -- &#xE1A;&#xE17;&#xE17;&#xE35;&#xE48; 9 &#xE27;&#xE34;&#xE17;&#xE22;&#xE32;&#xE28;&#xE32;&#xE2A;&#xE15;&#xE23;&#xE4C;&#xE40;&#xE1F;&#xE35;&#xE22;&#xE15; -- &#xE1A;&#xE17;&#xE17;&#xE35;&#xE48; 10 &#xE40;&#xE0A;&#xE37;&#xE49;&#xE2D;&#xE40;&#xE1E;&#xE25;&#xE34;&#xE07;&#xE40;&#xE1F;&#xE35;&#xE22;&#xE15; -- &#xE1A;&#xE17;&#xE17;&#xE35;&#xE48; 11 &#xE23;&#xE31;&#xE10;&#xE40;&#xE1F;&#xE35;&#xE22;&#xE15; -- &#xE1A;&#xE17;&#xE17;&#xE35;&#xE48; 12 &#xE1A;&#xE17;&#xE27;&#xE34;&#xE40;&#xE04;&#xE23;&#xE32;&#xE30;&#xE2B;&#xE4C;&#xE15;&#xE49;&#xE19;&#xE17;&#xE38;&#xE19;&#xE41;&#xE25;&#xE30;&#xE1C;&#xE25;&#xE1B;&#xE23;&#xE30;&#xE42;&#xE22;&#xE0A;&#xE19;&#xE4C;&#xE02;&#xE2D;&#xE07;&#xE40;&#xE07;&#xE34;&#xE19;&#xE40;&#xE1F;&#xE35;&#xE22;&#xE15; -- &#xE20;&#xE32;&#xE04; 3 : &#xE40;&#xE04;&#xE23;&#xE37;&#xE48;&#xE2D;&#xE07;&#xE21;&#xE37;&#xE2D;&#xE0A;&#xE33;&#xE23;&#xE30;&#xE25;&#xE49;&#xE32;&#xE07;&#xE1A;&#xE31;&#xE0D;&#xE0A;&#xE35;&#xE40;&#xE1F;&#xE35;&#xE22;&#xE15; -- &#xE1A;&#xE17;&#xE17;&#xE35;&#xE48; 13 &#xE17;&#xE33;&#xE44;&#xE21;&#xE1A;&#xE34;&#xE15;&#xE04;&#xE2D;&#xE22;&#xE19;&#xE4C;&#xE08;&#xE36;&#xE07;&#xE40;&#xE1B;&#xE47;&#xE19;&#xE17;&#xE32;&#xE07;&#xE2D;&#xE2D;&#xE01;? -- &#xE1A;&#xE17;&#xE17;&#xE35;&#xE48; 14 &#xE01;&#xE32;&#xE23;&#xE02;&#xE22;&#xE32;&#xE22;&#xE02;&#xE35;&#xE14;&#xE04;&#xE27;&#xE32;&#xE21;&#xE2A;&#xE32;&#xE21;&#xE32;&#xE23;&#xE16;&#xE02;&#xE2D;&#xE07;&#xE1A;&#xE34;&#xE15;&#xE04;&#xE2D;&#xE22;&#xE19;&#xE4C; -- &#xE1A;&#xE17;&#xE17;&#xE35;&#xE48; 15 &#xE18;&#xE19;&#xE32;&#xE04;&#xE32;&#xE23;&#xE1A;&#xE34;&#xE15;&#xE04;&#xE2D;&#xE22;&#xE19;&#xE4C; -- &#xE1A;&#xE17;&#xE17;&#xE35;&#xE48; 16 &#xE1A;&#xE34;&#xE15;&#xE04;&#xE2D;&#xE22;&#xE19;&#xE4C;&#xE41;&#xE25;&#xE30;&#xE15;&#xE25;&#xE32;&#xE14;&#xE1E;&#xE25;&#xE31;&#xE07;&#xE07;&#xE32;&#xE19; -- &#xE1A;&#xE17;&#xE17;&#xE35;&#xE48; 17 &#xE1A;&#xE17;&#xE27;&#xE34;&#xE40;&#xE04;&#xE23;&#xE32;&#xE30;&#xE2B;&#xE4C;&#xE15;&#xE49;&#xE19;&#xE17;&#xE38;&#xE19;&#xE41;&#xE25;&#xE30;&#xE1C;&#xE25;&#xE1B;&#xE23;&#xE30;&#xE42;&#xE22;&#xE0A;&#xE19;&#xE4C;&#xE08;&#xE32;&#xE01;&#xE01;&#xE32;&#xE23;&#xE43;&#xE0A;&#xE49;&#xE07;&#xE32;&#xE19;&#xE1A;&#xE34;&#xE15;&#xE04;&#xE2D;&#xE22;&#xE19;&#xE4C; -- &#xE1A;&#xE17;&#xE17;&#xE35;&#xE48; 18 &#xE41;&#xE25;&#xE49;&#xE27;&#xE1A;&#xE34;&#xE15;&#xE04;&#xE2D;&#xE22;&#xE19;&#xE4C;&#xE08;&#xE30;&#xE0A;&#xE48;&#xE27;&#xE22;&#xE41;&#xE01;&#xE49;&#xE1B;&#xE31;&#xE0D;&#xE2B;&#xE32;&#xE40;&#xE2B;&#xE25;&#xE48;&#xE32;&#xE19;&#xE35;&#xE49;&#xE44;&#xE14;&#xE49;&#xE2B;&#xE23;&#xE37;&#xE2D;&#xE44;&#xE21;&#xE48;.</subfield>
  </datafield>
  <datafield tag="650" ind1=" " ind2="4">
    <subfield code="a">&#xE19;&#xE42;&#xE22;&#xE1A;&#xE32;&#xE22;&#xE01;&#xE32;&#xE23;&#xE40;&#xE07;&#xE34;&#xE19;</subfield>
    <subfield code="9">3475</subfield>
  </datafield>
  <datafield tag="650" ind1=" " ind2="4">
    <subfield code="a">&#xE01;&#xE32;&#xE23;&#xE40;&#xE07;&#xE34;&#xE19;&#xE23;&#xE30;&#xE2B;&#xE27;&#xE48;&#xE32;&#xE07;&#xE1B;&#xE23;&#xE30;&#xE40;&#xE17;&#xE28;</subfield>
    <subfield code="9">23146</subfield>
  </datafield>
  <datafield tag="650" ind1=" " ind2="4">
    <subfield code="a">&#xE1A;&#xE34;&#xE17;&#xE04;&#xE2D;&#xE22;&#xE19;&#xE4C;</subfield>
    <subfield code="9">29952</subfield>
  </datafield>
  <datafield tag="653" ind1=" " ind2="4">
    <subfield code="a">&#xE04;&#xE33;&#xE16;&#xE32;&#xE21;&#xE40;&#xE01;&#xE35;&#xE48;&#xE22;&#xE27;&#xE01;&#xE31;&#xE1A;&#xE40;&#xE07;&#xE34;&#xE19;&#xE15;&#xE23;&#xE32;</subfield>
  </datafield>
  <datafield tag="700" ind1="1" ind2=" ">
    <subfield code="a">Ammous, Saifedean</subfield>
    <subfield code="9">64819</subfield>
  </datafield>
  <datafield tag="700" ind1="0" ind2=" ">
    <subfield code="a">&#xE1E;&#xE34;&#xE23;&#xE34;&#xE22;&#xE30; &#xE2A;&#xE31;&#xE21;&#xE1E;&#xE31;&#xE19;&#xE18;&#xE32;&#xE23;&#xE31;&#xE01;&#xE29;&#xE4C;</subfield>
    <subfield code="9">63196</subfield>
  </datafield>
  <datafield tag="942" ind1=" " ind2=" ">
    <subfield code="2">lcc</subfield>
    <subfield code="c">GB</subfield>
  </datafield>
  <datafield tag="996" ind1=" " ind2=" ">
    <subfield code="a">jidapa.t</subfield>
    <subfield code="b">ACQSTF</subfield>
    <subfield code="c">2025-08-19</subfield>
  </datafield>
  <datafield tag="996" ind1=" " ind2=" ">
    <subfield code="a">varee.k</subfield>
    <subfield code="b">LIBSTF</subfield>
    <subfield code="c">2025-08-20</subfield>
  </datafield>
  <datafield tag="996" ind1=" " ind2=" ">
    <subfield code="a">saiphon.d</subfield>
    <subfield code="b">CATSTF	</subfield>
    <subfield code="c">2025-08-22</subfield>
  </datafield>
  <datafield tag="999" ind1=" " ind2=" ">
    <subfield code="c">107119</subfield>
    <subfield code="d">107119</subfield>
  </datafield>
  <datafield tag="998" ind1=" " ind2=" ">
    <subfield code="j">111</subfield>
    <subfield code="k"> &#xE19;&#xE32;&#xE07;&#xE2A;&#xE32;&#xE27;&#xE1E;&#xE08;&#xE1E;&#xE34;&#xE13;  &#xE1E;&#xE23;&#xE21;&#xE40;&#xE2D;&#xE35;&#xE48;&#xE22;&#xE21;</subfield>
  </datafield>
  <datafield tag="952" ind1=" " ind2=" ">
    <subfield code="0">0</subfield>
    <subfield code="1">0</subfield>
    <subfield code="2">lcc</subfield>
    <subfield code="4">0</subfield>
    <subfield code="7">0</subfield>
    <subfield code="8">CGBL</subfield>
    <subfield code="a">NALT</subfield>
    <subfield code="b">NALT</subfield>
    <subfield code="c">GEN</subfield>
    <subfield code="d">2025-08-19</subfield>
    <subfield code="l">4</subfield>
    <subfield code="m">4</subfield>
    <subfield code="o">HG 255 &#xE2D;564&#xE23; 2567</subfield>
    <subfield code="p">3961215588</subfield>
    <subfield code="r">2025-12-18 00:00:00</subfield>
    <subfield code="s">2025-12-04</subfield>
    <subfield code="w">2025-08-19</subfield>
    <subfield code="y">GB</subfield>
  </datafield>
</record>
